| 000 | 00725nam a2200241 i 4500 | ||
|---|---|---|---|
| 001 | 10471 | ||
| 003 | ES-MaACL | ||
| 005 | 20231020180131.0 | ||
| 007 | t| | ||
| 008 | 950628s1995 sp ||||1| spa d | ||
| 020 | _a84-7844-260-X | ||
| 080 | _a82.0(73)-311.6"19" | ||
| 080 | _a82.0(73)(Eisen,A.F.7 P.03=6) | ||
| 100 | 1 |
_aEisen, Anthony Fon. _946852 |
|
| 245 | 1 | 3 |
_aEl Príncipe Omeya / _cAnthony Fon Eisen ; traducción: Menchu Gutiérrez. |
| 260 |
_aMadrid : _bSiruela, _c1995. |
||
| 300 |
_a317 p. ; _c22 cm. |
||
| 490 | 1 |
_aLas tres edades ; _v38 |
|
| 700 | 1 |
_aGutiérrez, Menchu, _d1957- _961070 |
|
| 830 | 0 |
_aLas tres edades ; _v38 _9178625 |
|
| 852 |
_aES-MaACL _jL-17884 _bR.123910 |
||
| 999 |
_c10471 _d10471 |
||